000 00452cam a2200169ua 4500
041 _aeng
_h
082 _a941
_bDAN/BR
100 _aDance, E H .
245 _aBritain in the old world (to 1485) /
_cE H Dance.
_hTextual Documents
260 _aLondon :
_bLongman ,
_c1960.
300 _a180 ; .
440 0 _aLongman`s New Age Histories,
_v
_x;
490 0 _aLongman`s New Age Histories,
_v
_x;
504 _a
942 _cBK
999 _c6159
_d6159